| 000 | 01094cam a2200229 4500 | ||
|---|---|---|---|
| 001 | WB3707-25 | ||
| 008 | 000000n2001 000 0 eng u | ||
| 035 | _a(Sirsi) u110946 | ||
| 245 | _aResidential development | ||
| 260 | _c2001 | ||
| 490 |
_aEstates Gazette Case Summaries _v[2001] EGCS 14(1) (10/02/01) |
||
| 520 | _aQBD 24 January 2001. St James Homes (S) applied for planning permission but the site was actually found to be within the green belt after S appealed against the council's non-determination of application. SOS dismissed the appeal and refused planning permission. S held that the SOS had failed to consider relevant policies in the development plan. Claim allowed. | ||
| 590 | _aWB | ||
| 650 | _aST JAMES HOMES LTD V SOS FOR ENVIRONMENT, TRANSPORT AND THE REGIONS | ||
| 650 | _aRESIDENTIAL DEVELOPMENT | ||
| 650 | _aTOWN AND COUNTRY PLANNING ACT 1990 S288 | ||
| 650 | _aTOWN AND COUNTRY PLANNING ACT 1990 S54A | ||
| 650 | _aTOWN AND COUNTRY PLANNING ACT 1990 S70 | ||
| 650 | _aURBAN DEVELOPMENT PLAN | ||
| 690 |
_aPlanning and development _96259 |
||
| 942 | _n0 | ||
| 999 |
_c66129 _d66129 |
||